02216cam a22002895a 4500001001000000003000400010005001700014008004100031020001500072020001800087040002800105082002200133245010100155260003700256300004500293490006400338504005100402505119600453650003301649651001001682653002701692700003201719856004801751942000801799999001701807952010201824013334892OSt20180417160325.0051010s2005 paua b 001 0 eng d a1416028226 a9781416028222 aCOUcCOUbengdEG-ScBUE04222a617.6005bDEN00aDental clinics of North America :bIncipient and hidden caries /cguest editor Daniel W. Boston. aPhiladelphia :bSaunders,c2005. a1 v. (Various pagings) :bill. ;c24 cm.0 aDental clinics of North America,x0011-8532 ;vv. 49, no. 4 aIncludes bibliographical references and index.0 aDefining, classifying, and placing incipient caries lesions in perspective / Graham J. Mount -- Association of diet with dental caries in preschool children / Norman Tinanoff -- Utility of radiology, laser fluorescence, and transillumination / Jie Yang and Vinicius Dutra -- Quantitative light fluorescence: a technology for early monitoring of the caries process / George K. Stookey -- Early caries imaging and monitoring with near-infrared light / Daniel Fried ... [et al.] -- Dental hygiene participation in managing incipient and hidden caries / Caren M. Barnes -- Preventive resin restorations and sealants in light of current evidence / Richard J. Simonsen -- Treatment decisions and conservation of tooth structure / Joseph B. Dennison and James C. Hamilton -- Conservative operative management strategies / Dorothy McComb -- Contemporary treatment of incipient caries and the rationale for conservative operative techniques / Howard E. Strassler, Judith Porter, and Cheryl L. Serio -- Bonding and curing considerations for incipient and hidden caries / Mark A. Latta and William T. Naughton -- Nonsurgical treatment of incipient and hidden caries / Van P. Thompson and James M. Kaim. 7aDental caries.9413742BUEsh 2BUEsh bGGENbDDentcApril20181 aBoston, Daniel W.,eeditor. 31850-9999uhttp://www.elsevier.com/journals 2ddc c26533d26505 00102ddc4070aMAINbMAINc1STd2018-04-17l0o617.6005 DENp000047635r2025-07-15 00:00:00yBB